Možnosti zlepšovania kvality podnikateľského prostredia v Slovenskej republike bakalárska práca

Salvato in:
Dettagli Bibliografici
Autore principale: Nagy, Filip
Ente Autore: Podnikovohospodárska fakulta EU so sídlom v Košiciach. Katedra obchodného podnikania
Altri autori: Ručinský, Rastislav
Natura: Libro
Lingua:slovacco
Pubblicazione: Košice 2017
Tags: Aggiungi Tag
Nessun Tag, puoi essere il primo ad aggiungerne!!

MARC

LEADER 00000nbm a2200000 4500
001 0231737
005 20171113111123.8
041 0 |a slo 
044 |a SK 
245 1 0 |a Možnosti zlepšovania kvality podnikateľského prostredia v Slovenskej republike  |b bakalárska práca  |c Filip Nagy ; školiteľ: Rastislav Ručinský 
264 1 |a Košice  |c 2017 
300 |a 57 s. 
100 1 |a Nagy, Filip 
700 1 |a Ručinský, Rastislav 
710 2 |a Podnikovohospodárska fakulta EU so sídlom v Košiciach. Katedra obchodného podnikania